| 000 | 01158nam a2200373 a 4500 | ||
|---|---|---|---|
| 003 | AR-BaBNM | ||
| 005 | 20251128203255.0 | ||
| 008 | 082120s2002 ||||||||||||||000 | spa|| | ||
| 040 | _cAR-BaBNM | ||
| 100 | 1 | _aLewin, Kurt | |
| 245 | 0 | 0 | _aEl niño y su ambiente |
| 260 |
_aBuenos Aires _bPaidós _c1965 |
||
| 300 |
_a108 p. _btablas |
||
| 490 | 0 |
_aBiblioteca del educador contemporáneo _vv. 17 |
|
| 504 | _aBibliografía: p. 107-108 | ||
| 650 | 4 | _aEDUCACION FAMILIAR | |
| 650 | 4 | _aEDUCACION DEL NIÑO | |
| 650 | 4 | _aANTROPOLOGIA DE LA EDUCACION | |
| 650 | 4 | _aDESARROLLO DEL NIÑO | |
| 650 | 4 | _aINFLUENCIA FAMILIAR | |
| 650 | 4 | _aDIFERENCIACION CULTURAL | |
| 650 | 4 | _aDIFERENCIACION SOCIAL | |
| 700 | 1 |
_aBarker, Roger _ecolaborador |
|
| 700 | 1 |
_aDavis, Allison _ecolaborador |
|
| 700 | 1 |
_aHavighurst, Robert J. _ecolaborador |
|
| 700 | 1 |
_aKoppe, William A. _ecolaborador |
|
| 700 | 1 |
_aMalinowski, Bronislaw _ecolaborador |
|
| 700 | 1 |
_aMead, Margaret _ecolaborador |
|
| 700 | 1 |
_aTubert, Silvia _etraductor |
|
| 800 | 1 |
_aRomero Brest, Gilda Lamarque de _edirector |
|
| 800 | 1 |
_aBernstein, Jaime _edirector |
|
| 942 | _cBK | ||
| 998 | _cSILVI | ||
| 999 |
_c2666 _d2666 |
||